The Anti-Terrorism Act, 1997 / (Record no. 614007)
[ view plain ]
| 000 -LEADER | |
|---|---|
| fixed length control field | 00304nam a22001217a 4500 |
| 082 ## - DEWEY DECIMAL CLASSIFICATION NUMBER | |
| Classification number | 345.549102 |
| Author Mark | ZAH |
| 100 ## - MAIN ENTRY--PERSONAL NAME | |
| Personal name | Zahra, Yassob |
| 245 ## - TITLE STATEMENT | |
| Title | The Anti-Terrorism Act, 1997 / |
| Statement of responsibility, etc. | Yassob Zahra |
| 260 ## - PUBLICATION, DISTRIBUTION, ETC. | |
| Place of publication, distribution, etc. | Lahore: |
| Name of publisher, distributor, etc. | KLR Publications, |
| Date of publication, distribution, etc. | 2023. |
| 300 ## - PHYSICAL DESCRIPTION | |
| Extent | 77 p. |
| 563 ## - BINDING INFORMATION | |
| Binding note | PB. |
| 942 ## - ADDED ENTRY ELEMENTS (KOHA) | |
| Source of classification or shelving scheme | |
| Koha item type | Book |
| Withdrawn status | Lost status | Source of classification or shelving scheme | Damaged status | Not for loan | Permanent Location | Current Location | Date acquired | Total Checkouts | Full call number | Barcode | Date last seen | Price effective from | Koha item type |
|---|---|---|---|---|---|---|---|---|---|---|---|---|---|
| NUST Law School (NLS) | NUST Law School (NLS) | 06/29/2025 | 345.549102 ZAH | NLS-3016 | 06/29/2025 | 06/29/2025 | Book | ||||||
| NUST Law School (NLS) | NUST Law School (NLS) | 06/29/2025 | 345.549102 ZAH | NLS-3017 | 06/29/2025 | 06/29/2025 | Book | ||||||
| NUST Law School (NLS) | NUST Law School (NLS) | 06/29/2025 | 345.549102 ZAH | NLS-3018 | 06/29/2025 | 06/29/2025 | Book |
